| 000 | 00615cab a2200217 4500 | ||
|---|---|---|---|
| 001 | ABS60563 | ||
| 008 | 090401t1999 xxu||||| |||| 00| 0 eng d | ||
| 035 | _a(Sirsi) u92920 | ||
| 041 | _aeng | ||
| 245 | _aR v Solihull BC ex p Berkswell Parish Council | ||
| 260 | _c1999 | ||
| 350 | _a0 | ||
| 490 |
_aProperty, Planning and Compensation Reports _v[1999] 77 P&CR 3, 312 |
||
| 650 | _aENCLOSURE ACTS | ||
| 650 | _aHEDGEROWS | ||
| 650 | _aPLANNING PERMISSION | ||
| 650 | _aR V SOLIHULL BC EX P BERKSWELL PARISH COUNCIL | ||
| 690 | _aPLANNING LAW AND PRACTICE-CASE LAW | ||
| 942 | _n0 | ||
| 948 | _c21/04/1999 | ||
| 999 |
_c58885 _d58885 |
||